Szczegóły MARC21

Mit Ökonomie zur Ökologie : Analyse und Lösungen des Umweltproblems aus ökonomoscher Sicht /

005 -DATA I CZAS OSTATNIEJ MODYFIKACJI [,]
    • @
    • pole kontrolne
    • 20070315155141.9
020 -Międzynarod. znormalizowany nr książki - ISBN [ , ]
    • a
    • Numer ISBN
    • 3719013057 Find
    • z
    • Błędny ISBN (P)
    • 3791007513 Find
040 -Instytucja sporządzająca opis [ , ]
    • a
    • Instytucja, która sporządziła opis (NP)
    • SZCZ U
    • c
    • Instytucja, która sporządziła rekord (NP)
    • SZCZ U
041 -Język dokumentu [0, ]
    • a
    • Język tekstu (P)
    • niemiecki
    • h
    • Język tekstu oryginalnego i/lub pośredniego (P)
    • niemiecki
942 -Rodzaj dokumentu [ , ]
    • c
    • Rodzaj dokumentu
    • Książka
245 -Strefa tytułu i oznaczenia odpowiedzialności [0, ]
    • a
    • Tytuł
    • Mit Ökonomie zur Ökologie : Find
    • b
    • Ciąg dalszy tytułu (NP)
    • Analyse und Lösungen des Umweltproblems aus ökonomoscher Sicht / Find
    • c
    • Pozostałe elementy strefy tytułu i oznaczenia odpowiedzialności (NP)
    • Hrsg. von René L.Frey, Elke Staehelin-Witt und Hansjörg Blöchilger.
250 -Strefa wydania [ , ]
    • a
    • Oznaczenie wydania (NP)
    • 2.,übearb. und erg. Aufl.
260 -Strefa adresu wydawniczego [ , ]
    • a
    • Miejsce wydania (P)
    • Basel : Helbing u.Lichtenhahn ; Stuttgart :
    • b
    • Nazwa wydawcy (P)
    • Schäffer-Poeschel,
    • c
    • Data wydania (P)
    • 1993.
300 -Strefa opisu fizycznego [ , ]
    • a
    • Określenie formy książki i/lub objętość (NP)
    • X, 308 s. :
    • b
    • Oznaczenie ilustracji (NP)
    • rys. :
    • c
    • Format (NP)
    • 23 cm.
500 -Uwaga ogólna [ , ]
    • a
    • Uwaga ogólna (NP)
    • Bibliogr. Ind
080 -Uniwersalna Klasyfikacja Dziesiętna [ , ]
    • a
    • Symbol klasyfikacji
    • 504.75=30
080 -Uniwersalna Klasyfikacja Dziesiętna [ , ]
    • a
    • Symbol klasyfikacji
    • :504.03=30
080 -Uniwersalna Klasyfikacja Dziesiętna [ , ]
    • a
    • Symbol klasyfikacji
    • :338.45=30
980 -Symbol UKD [ , ]
    • a
    • UKD
    • 504.75:504.03:338.45]=30
700 -Hasło dodatkowe - nazwa osobowa [ , ]
    • a
    • Nazwa osobowa (NP)
    • Frey René L. Find
700 -Hasło dodatkowe - nazwa osobowa [ , ]
    • a
    • Nazwa osobowa (NP)
    • Staehelin-Witt Elke Find
700 -Hasło dodatkowe - nazwa osobowa [ , ]
    • a
    • Nazwa osobowa (NP)
    • Blöchliger Hansjörg Find
920 -ISBN [ , ]
    • a
    • ISBN
    • 3-7190-1305-7 Find
    • z
    • Błędny ISBN
    • 3-7910-0751-3 Find
Sygnatura Numer inwentarzowy Status udost. Lokalizacja Data inwentaryzacji
FUNDACJA POLSKO-NIEMIECKAS.87544-2BE2001-01-12